| 000 | 01123cam a2200337 a 4500 | ||
|---|---|---|---|
| 001 | 4463 | ||
| 003 | FISKH | ||
| 005 | 20250826094533.0 | ||
| 008 | 900308s1990 nyua j 000 1 eng | ||
| 010 | _a 90033332 | ||
| 020 | _a0395546826 | ||
| 040 |
_aDLC _cDLC _dDLC _beng |
||
| 050 | _aPZ7.H83273 | ||
| 082 | _a813.6 | ||
| 100 | 1 | _aHoward, Elizabeth Fitzgerald. | |
| 245 | 1 | 0 |
_aAunt Flossie's hats (and crab cakes later) / _cby Elizabeth Fitzgerald Howard ; paintings by James Ransome. |
| 260 |
_aNew York : _bScholastic, _c1991. |
||
| 300 |
_a31 pages : _bcolor illustrations ; _c29 cm |
||
| 505 | _aK | ||
| 520 | _aSara and Susan share tea, cookies, crab cakes, and stories about hats when they visit their favorite relative, Aunt Flossie. | ||
| 521 | 8 |
_a510
_bLexile |
|
| 521 | 8 |
_aK
_bRaz-Plus |
|
| 650 | 1 |
_aHats _vFiction. |
|
| 650 | 1 |
_aGreat-aunts _vFiction. |
|
| 650 | 1 |
_aAfrican Americans _vFiction. |
|
| 651 | 1 |
_aBaltimore (Md.) _vFiction. |
|
| 700 | 1 |
_aRansome, James, _eillustrator |
|
| 906 |
_a7 _bcbc _corignew _d1 _eocip _f19 _gy-gencatlg |
||
| 942 |
_2ddc _cBK _n0 |
||
| 999 |
_c4463 _d4463 |
||